Music Quiz

Random Music or Song Quiz
Score 0/46 Timer 10:00
0 Plays Today
% Correct
Russia
96.8%
Denmark
94%
Ireland
93.8%
Portugal
93.7%
Sweden
93.4%
Norway
92.2%
Austria
91.8%
Australia
91.6%
Germany
90%
Czech Republic
89.5%
Italy
89.4%
Netherlands
89.2%
Finland
89%
Azerbaijan
88.6%
Poland
88.5%
Bulgaria
88.4%
Ukraine
87.7%
United Kingdom
86.7%
Serbia
85.6%
Hungary
85.6%
Belgium
85%
Moldova
84.9%
Greece
84.6%
% Correct
San Marino
84.2%
Israel
83.9%
France
83.4%
Belarus
83.2%
Albania
82.9%
Malta
82.9%
Turkey
82.2%
Estonia
81.9%
Latvia
81.8%
Romania
81.7%
Cyprus
81.7%
Iceland
81.5%
Lithuania
81.3%
North Macedonia
80.6%
Armenia
80.1%
Slovenia
80%
Switzerland
78.1%
Spain
77.1%
Georgia
75.8%
Montenegro
74.7%
Slovakia
71%
Bosnia and Herzegovina
67.5%
Croatia
59%

You're not logged in!

Compare scores with friends on all Sporcle quizzes.
OR
Log In

Sporcle TV

Today on Sporcle TV


Watch our educational content, quiz creation guides, and fun videos on Sporcle TV.

Show Comments

Extras

Top Quizzes Today


Score Distribution

Paid Content

Your Account Isn't Verified!

In order to create a playlist on Sporcle, you need to verify the email address you used during registration. Go to your Sporcle Settings to finish the process.

Report this User

Report this user for behavior that violates our Community Guidelines.

Details: